01093 2200301 4500001002100000005001500021035002000036007000300056008004100059020002200100082001400122084002300136100002000159245008600179250004100265300003000306650002400336650001600360700002700376504002900403520021700432264003600649336002100685337003000706338002300736990001600759990001600775INLIS00000000116244620221027035431 a0010-1022000318ta221027 g 0 ind  a978-979-593-342-7 a338.479 1 aSR 338.479 1 BAM s aBambang Udoyono1 aSukses menjadi pramuwisata profesional /cBambang Udoyono; penyunting, Choliludin aEdisi Revisi, cetakan ke-2 Juli 2019 axii, 284 halaman ;c20 cm 4aIndustri pariwisata 4aPramuwisata0 aCholiludinepenyunting aBibliografi: halaman 281 aBuku ini akan memandu dan menuntun untuk mempelajari proses kerja sebagai pramuwisata yang sukses dan profesional serta bagaimana menangani berbagai situasi dalam melakukan kerja di dunia pariwisata pada umumnya. aJakarta :bKesaint Blanc,c2018 2rdacontentateks 2rdamediaatanpa perantara 2rdacarrieravolume a50795.63615 a50796.63616